| 000 | 00721nam a2200277Ia 4500 | ||
|---|---|---|---|
| 005 | 20260320195704.0 | ||
| 008 | 008 262003s9999 xx 000 0 hin d | ||
| 020 | _a9788119835843 | ||
| 037 | _aEBOOK | ||
| 040 | _aCRL | ||
| 040 | _bhin | ||
| 040 | _cCRL | ||
| 041 | _2hin | ||
| 041 | _ahin | ||
| 084 | _qCRL | ||
| 100 |
_aमार्क टुली, अनु. प्रभात सिंह _91132811 |
||
| 245 | 0 | _aधीमी वाली फ़ास्ट पैसेंजर | |
| 250 | _a1st | ||
| 260 | _bRajkamal | ||
| 260 | _c2023 | ||
| 300 | _a264 | ||
| 856 | _uhttps://ebook.indiaread.in/pdfs/9788119835843.pdf | ||
| 942 | _cEBOOK | ||
| 999 |
_c1715957 _d1715957 |
||